书目信息 |
| 题名: |
叶塞宁抒情诗选
|
|
| 作者: | 丁鲁 译 | |
| 分册: | ||
| 出版信息: | 长沙 湖南文艺出版社 1991.10 |
|
| 页数: | 303页 | |
| 开本: | 32开 | |
| 丛书名: | ||
| 单 册: | ||
| 中图分类: | I512.2 | |
| 科图分类: | ||
| 主题词: | 文学 | |
| 电子资源: | ||
| ISBN: | 7-5404-0767-0 | |
| 000 | 00525nam0 2200193 45 | |
| 001 | 0006200852 | |
| 005 | 20000620081135.9 | |
| 010 | @a7-5404-0767-0@d4.50元 | |
| 100 | @a20000620d1991 km y0chiy0120 ea | |
| 101 | 0 | @achi |
| 105 | @a z 000yy | |
| 200 | 1 | @a叶塞宁抒情诗选@AYe Sai Ning Shu Qing Shi Xuan@f丁鲁译@FDing Lu Yi |
| 210 | @a长沙@c湖南文艺出版社@d1991.10 | |
| 215 | @a303页@d32开 | |
| 606 | 0 | @a文学 |
| 690 | @aI512.2@v3 | |
| 701 | 0 | @a丁鲁@4译 |
| 801 | @aCN@bPftUser@c20000620 | |
| 905 | @b206117@dI512.2@eY590@f1 | |
| 叶塞宁抒情诗选/丁鲁译.-长沙:湖南文艺出版社,1991.10 |
| 303页;32开 |
| ISBN 7-5404-0767-0:4.50元 |
| ● |
| 相关链接 |
|
|
|
正题名:叶塞宁抒情诗选
索取号:I512.2/Y590
 
预约/预借
| 序号 | 登录号 | 条形码 | 馆藏地/架位号 | 状态 | 备注 |
| 1 | 206117 | 202061179 | 社科二线400B/116文学库 16排2列2层/ [索取号:I512.2/Y590] | 在馆 |